00722nam a2200205Ii 45000010005000000030009000050080041000140400033000550410008000880820015000962450057001112640054001683000012002223360026002343370028002603380027002889400050003159990017003659520134003823374CO-ViMGA241108s9999||||xx |||||||||||||| ||und|| aCO-ViMGAbspaerdacCO-ViMGA0 aspa04a321.8 P34810aPaz Paz:bTestimonios y reflexiones sobre un proceso 1aBogotá, Colombia : Editores Leyva Durán, 1987 avolumen atextbtxt2rdacontent aunmediatedbn2rdamedia avolumebnc2rdacarrier aidficha_siabuc: 3293. -- ficha_no_siabuc:3374 c47910d47910 001040708001aMEVIGERRbMEVIGERRcGENd2006-11-27o321.8 P348pECA1871r2024-11-26 09:37:43tEj.1w2024-11-26yBKz3293 | 4881